00729nam a2200169 a 4500008004100000050002500041100001800066245010900084260007700193300001600270362009500286650004700381650002300428650002800451710002000479710006000499150917s2013 ||||||||||||||||| || u aZIPAR(05)PB/2013/10A aChikuba, Zali10aMaking public transport in Lusaka city more efficient and effectivecBy Zali Chikuba and ROM Engineering aLusaka:bZambia Institute for Policy Analysis and Research (ZIPAR)c2013 a[4p.]: ill.1 aBased on the working paper " Trip modelling and cost analysis for public transport system" aLIBERALISATION ON TRANSPORT SECTOR--ZAMBIA aTRANSPORT INDUSTRY aPOLICY ANALYSIS--ZAMBIA aROM Engineering aZambia Institute for Policy Analysis & Research (ZIPAR)